Aquele por quem o escândalo chega (Record no. 1969)
[ view plain ]
| 000 -Etiqueta do registo | |
|---|---|
| Valores | 00780nam a2200265 4500 |
| 010 ## - Número ISBN | |
| ISBN | 9789895760039 |
| 021 ## - Número do Depósito Legal | |
| Código do país | Portugal |
| Número | 520529/23 |
| 100 ## - Dados gerais de processamento | |
| Dados gerais | 20251118d2023 m||y0pory50030103ba |
| 101 ## - Língua de publicação | |
| Língua | Português |
| 102 ## - País de publicação | |
| País | Portugal |
| 200 ## - Titulo e menção de responsabilidade | |
| Título próprio | Aquele por quem o escândalo chega |
| Primeira menção de responsabilidade | René Girard |
| Outras menções de responsabilidade | trad. Maria José Figueiredo |
| 205 ## - Menção da edição | |
| Edição | 1ª edição |
| 210 ## - Publicação | |
| Local de publicação | Lisboa |
| Nome do editor | Guerra & Paz |
| Data de publicação | 2023 |
| 215 ## - Descrição física | |
| Paginação / Volumes | 124, [4] p. |
| Dimensões | 23 cm |
| 225 ## - Colecção | |
| Título próprio da colecção | Os livros não se rendem |
| 300 ## - Notas gerais | |
| Texto da nota | BMB-Registado |
| 304 ## - Nota relativa ao título | |
| Texto de nota | Tít. orig.: Celui par qui le scandale arrive |
| 606 ## - Nome comum usado como assunto | |
| ID Autoridade | 1441 |
| Palavra de ordem | Comportamento social |
| 675 ## - CDU | |
| Notação | 316.62 |
| Edição | BMB |
| Língua | por |
| 700 ## - Autor principal (pessoa individual) | |
| Apelido | Girard |
| Nome | René |
| Datas | 1923-2015 |
| ID Autoridade | 2826 |
| 702 #1 - Autor secundário (pessoa individual) | |
| Apelido | Figueiredo, |
| Nome | Maria José, |
| Datas | 1963- |
| Função | Tradutor |
| 801 ## - Fonte de origem | |
| País | PT |
| Agência | BMB |
| Regras de catalogação | RPC |
| 990 ## - Elementos KOHA | |
| Tipo de documento | Livro |
| Situação do levantamento | Estado | Número | Biblioteca de origem | Código de barras | Cota | Permissão de empréstimo | Tipo de documento | Forma de aquisição |
|---|---|---|---|---|---|---|---|---|
| 1 | Biblioteca Municipal de Borba | 1918 | 316.62 GIR / AQU | Livro | Oferta |